| 000 | 00635nam a2200217Ia 4500 | ||
|---|---|---|---|
| 005 | 20241129104254.0 | ||
| 008 | 241129s9999||||xx |||||||||||||| ||und|| | ||
| 020 | _a9788195838547 | ||
| 037 | _aTextual | ||
| 040 |
_aRTL _beng _cRTL |
||
| 041 |
_aeng _2eng |
||
| 084 |
_aV247 R3 _qRTL |
||
| 100 |
_aKanjwal Hafsa _9725549 |
||
| 245 | 0 |
_aFate written on matchboxes: State building in kashmir under india _cKanjwal Hafsa |
|
| 260 |
_aNew Delhi _bNavayana publishing pvt. ltd. _c2023 |
||
| 300 | _axiii,366p. | ||
| 365 |
_aINR _bRs.599.00 |
||
| 650 | _aHistory | ||
| 942 |
_cTB _hV247 R3 |
||
| 999 |
_c1225168 _d1225168 |
||